[Event "Sparkassen-Open A"]
[Site "Heusenstamm, Martinsee"]
[Date "2023.11.26"]
[Round "6.3"]
[White "Perske, Paul"]
[Black "Golubka, Petro"]
[Result "0-1"]
[WhiteElo "2068"]
[BlackElo "2419"]
[PlyCount "110"]
[EventDate "2023.??.??"]
[WhiteTeam "Sfr.Heidesheim"]
[BlackTeam "Krakau"]

1. e4 c5 2. Nf3 {[%emt 0:00:04]} d6 3. d4 cxd4 4. Nxd4 Nf6 5. Nc3 Nc6 6. Bc4 {[%emt 0:00:21]} e6 7. Be3 a6 {[%emt 0:00:58]} 8. Qe2 {[%emt 0:01:48]} Na5 {[%emt 0:02:52]} 9. Bd3 {[%emt 0:08:07]} b5 {[%emt 0:06:52]} 10. a4 {[%emt 0:10:38]} b4 {[%emt 0:02:19]} 11. Na2 {[%emt 0:01:22]} d5 {[%emt 0:18:35]} 12. e5 {[%emt 0:01:33]} Ne4 {[%emt 0:00:20]} 13. O-O {[%emt 0:04:37]} Qc7 {[%emt 0:02:44]} 14. f3 {[%emt 0:04:53]} Nc5 {[%emt 0:00:43]} 15. Nxb4 {[%emt 0:00:38]} Qxe5 {[%emt 0:00:47]} 16. f4 {[%emt 0:04:01]} Qc7 {[%emt 0:04:48]} 17. c3 {[%emt 0:10:36]} Nxd3 {[%emt 0:02:08]} 18. Nxd3 Be7 {[%emt 0:01:06]} 19. Ne5 {[%emt 0:04:40]} Nc4 {[%emt 0:14:12]} 20. Ndc6 {[%emt 0:13:28]} Nxe3 {[%emt 0:02:45]} 21. Qxe3 {[%emt 0:02:28]} Bd6 {[%emt 0:03:19]} 22. Nd4 {[%emt 0:00:45]} O-O {[%emt 0:00:59]} 23. b4 {[%emt 0:00:19]} Re8 {[%emt 0:03:51]} 24. Nd3 {[%emt 0:07:45]} Bd7 {[%emt 0:00:56]} 25. Ne5 {[%emt 0:03:23]} Rac8 {[%emt 0:00:43]} 26. Rf3 {[%emt 0:00:44]} a5 {[%emt 0:04:14]} 27. b5 {[%emt 0:02:10]} Bc5 {[%emt 0:00:23]} 28. Kh1 {[%emt 0:00:33]} f6 {[%emt 0:00:16]} 29. Nxd7 {[%emt 0:00:22]} Qxd7 {[%emt 0:00:11]} 30. Qe2 {[%emt 0:07:17]} Bxd4 {[%emt 0:02:51]} 31. cxd4 Rc4 32. Qd2 {[%emt 0:00:57]} Qa7 33. Rd3 {[%emt 0:00:59]} Rec8 {[%emt 0:00:39]} 34. h3 {[%emt 0:01:15]} Kf7 {[%emt 0:00:39]} 35. Qe3 {[%emt 0:02:27]} Qb6 {[%emt 0:00:33]} 36. Raa3 {[%emt 0:02:19]} Qc7 {[%emt 0:03:09]} 37. Rdb3 {[%emt 0:02:26]} g5 {[%emt 0:01:30]} 38. b6 {[%emt 0:02:09]} Qxf4 {[%emt 0:00:27]} 39. Qxf4 {[%emt 0:00:22]} gxf4 40. b7 {[%emt 0:00:45]} Rb8 {[%emt 0:00:34]} 41. Rb5 {[%emt 0:06:26]} Rxd4 {[%emt 0:06:38]} 42. Rc3 {[%emt 0:00:30]} Rc4 {[%emt 0:01:14]} 43. Rxc4 {[%emt 0:00:53]} dxc4 {[%emt 0:00:07]} 44. Rxa5 {[%emt 0:00:04]} Rxb7 {[%emt 0:00:06]} 45. Rc5 {[%emt 0:00:10]} Rb1+ {[%emt 0:00:48]} 46. Kh2 {[%emt 0:00:53]} Rb4 {[%emt 0:01:03]} 47. a5 {[%emt 0:00:42]} Ra4 {[%emt 0:00:05]} 48. Kg1 {[%emt 0:00:30]} e5 {[%emt 0:00:29]} 49. Kf2 {[%emt 0:00:37]} Ke6 {[%emt 0:01:27]} 50. a6 {[%emt 0:00:15]} Rxa6 {[%emt 0:07:48]} 51. Rxc4 {[%emt 0:00:17]} Ra7 {[%emt 0:00:49]} 52. Rc6+ {[%emt 0:01:45]} Kf5 53. Rb6 Ra2+ {[%emt 0:00:11]} 54. Kf1 {[%emt 0:00:09]} h5 {[%emt 0:03:33]} 55. Rb8 {[%emt 0:00:15]} f3 {[%emt 0:03:56]} 0-1

[Event "Sparkassen-Open A"]
[Site "Heusenstamm, Martinsee"]
[Date "2023.11.26"]
[Round "6.4"]
[White "Korneev, Oleg"]
[Black "Siegert, Gregor"]
[Result "1-0"]
[WhiteElo "2470"]
[BlackElo "2109"]
[PlyCount "71"]
[EventDate "2023.??.??"]
[WhiteTeam "TSV Schönaich"]
[BlackTeam "Schachforum Darmstadt 1994"]

1. e4 c5 2. Nf3 {[%emt 0:02:39]} e6 3. d4 cxd4 4. Nxd4 Nc6 5. Nc3 Qc7 6. Be2 a6 7. O-O Nf6 8. Be3 Bb4 9. Na4 O-O 10. c4 Bd6 11. g3 Nxe4 {[%emt 0:03:00]} 12. Bf3 {[%emt 0:00:07]} f5 {[%emt 0:03:48]} 13. Bxe4 {[%emt 0:09:48]} fxe4 14. c5 {[%emt 0:01:31]} Be7 {[%emt 0:10:28]} 15. Qg4 {[%emt 0:29:43]} Qe5 {[%emt 0:23:02]} 16. Nxc6 {[%emt 0:08:05]} bxc6 {[%emt 0:00:04]} 17. Rfd1 {[%emt 0:06:40]} a5 {[%emt 0:23:43]} 18. Bd4 {[%emt 0:08:13]} Qg5 19. Qxg5 {[%emt 0:03:59]} Bxg5 {[%emt 0:00:34]} 20. Nc3 {[%emt 0:00:03]} Rb8 {[%emt 0:03:40]} 21. Nxe4 {[%emt 0:00:08]} Be7 22. f4 {[%emt 0:21:06]} Rb4 {[%emt 0:04:51]} 23. a3 {[%emt 0:00:38]} Rc4 {[%emt 0:01:29]} 24. Rac1 {[%emt 0:05:12]} Ba6 {[%emt 0:01:56]} 25. b3 Rxc1 26. Rxc1 {[%emt 0:00:10]} Bd3 {[%emt 0:02:58]} 27. Nd2 {[%emt 0:01:05]} Rb8 {[%emt 0:00:31]} 28. Kf2 {[%emt 0:00:29]} a4 {[%emt 0:01:17]} 29. Ke3 {[%emt 0:00:23]} Bb5 {[%emt 0:00:44]} 30. b4 g5 {[%emt 0:03:35]} 31. Be5 {[%emt 0:00:07]} Rf8 {[%emt 0:00:41]} 32. Ne4 gxf4+ {[%emt 0:03:57]} 33. gxf4 {[%emt 0:00:11]} Rf7 34. Rd1 {[%emt 0:00:38]} Bc4 {[%emt 0:05:13]} 35. Nd6 {[%emt 0:00:53]} Bxd6 {[%emt 0:00:47]} 36. Rg1+ 1-0

[Event "Sparkassen-Open A"]
[Site "Heusenstamm, Martinsee"]
[Date "2023.11.26"]
[Round "6.5"]
[White "Milov, Leonid"]
[Black "Papadopoulos, Ioannis"]
[Result "1-0"]
[WhiteElo "2422"]
[BlackElo "2142"]
[PlyCount "117"]
[EventDate "2023.??.??"]
[WhiteTeam "SC Noris-Tarrasch Nürnberg 1873"]
[BlackTeam "SV Oberursel"]

1. d4 Nf6 2. c4 {[%emt 0:00:03]} e6 3. g3 d5 4. Bg2 Be7 5. Nf3 O-O 6. O-O {[%emt 0:01:42]} dxc4 7. Qc2 a6 8. a4 Bd7 9. Qxc4 Bc6 10. Bg5 Nbd7 11. Nc3 a5 12. Rfd1 h6 13. Bxf6 Nxf6 14. Qb3 Bb4 {[%emt 0:04:20]} 15. Ne5 {[%emt 0:04:21]} Bxg2 {[%emt 0:01:13]} 16. Kxg2 {[%emt 0:00:11]} Bxc3 {[%emt 0:22:37]} 17. bxc3 {[%emt 0:01:44]} Qd5+ {[%emt 0:02:40]} 18. Qxd5 {[%emt 0:00:08]} Nxd5 {[%emt 0:01:18]} 19. Ra3 {[%emt 0:00:42]} Rfd8 {[%emt 0:07:12]} 20. Rb1 {[%emt 0:06:27]} Nb6 {[%emt 0:09:23]} 21. Ra2 {[%emt 0:03:56]} Ra7 {[%emt 0:03:43]} 22. Rb3 {[%emt 0:03:52]} f6 {[%emt 0:01:33]} 23. Nd3 {[%emt 0:00:31]} Nd7 {[%emt 0:07:28]} 24. Rab2 {[%emt 0:01:02]} b6 {[%emt 0:00:22]} 25. Kf3 {[%emt 0:03:54]} Raa8 {[%emt 0:00:44]} 26. c4 {[%emt 0:26:19]} e5 {[%emt 0:06:31]} 27. dxe5 {[%emt 0:08:21]} Nxe5+ {[%emt 0:00:30]} 28. Nxe5 {[%emt 0:00:37]} fxe5 {[%emt 0:00:22]} 29. Rd3 {[%emt 0:01:14]} Rxd3+ {[%emt 0:06:53]} 30. exd3 {[%emt 0:00:32]} Rd8 {[%emt 0:00:07]} 31. Ke4 {[%emt 0:00:18]} Kf7 {[%emt 0:00:19]} 32. Rb5 {[%emt 0:00:21]} Kf6 {[%emt 0:04:58]} 33. Rd5 {[%emt 0:00:50]} Re8 {[%emt 0:00:39]} 34. Rd7 {[%emt 0:03:42]} Rc8 {[%emt 0:00:16]} 35. Kd5 {[%emt 0:01:25]} c6+ {[%emt 0:00:43]} 36. Kd6 {[%emt 0:11:23]} b5 37. cxb5 {[%emt 0:01:18]} cxb5 {[%emt 0:00:19]} 38. axb5 a4 {[%emt 0:01:00]} 39. Ra7 {[%emt 0:05:12]} Rc3 {[%emt 0:01:22]} 40. Rxa4 {[%emt 0:00:10]} Rxd3+ {[%emt 0:00:39]} 41. Kc7 {[%emt 0:00:41]} Rc3+ {[%emt 0:00:21]} 42. Kb7 {[%emt 0:00:27]} Rc2 {[%emt 0:00:38]} 43. b6 {[%emt 0:11:17]} Rxf2 {[%emt 0:00:21]} 44. Ka7 {[%emt 0:02:41]} Rxh2 {[%emt 0:01:54]} 45. b7 {[%emt 0:01:03]} Rb2 {[%emt 0:00:06]} 46. b8=Q {[%emt 0:01:23]} Rxb8 {[%emt 0:00:06]} 47. Kxb8 {[%emt 0:00:07]} Kf5 {[%emt 0:01:30]} 48. Kc7 {[%emt 0:06:19]} e4 {[%emt 0:01:39]} 49. Kd6 {[%emt 0:00:30]} e3 {[%emt 0:02:10]} 50. Rf4+ {[%emt 0:00:44]} Kg5 {[%emt 0:00:07]} 51. Re4 {[%emt 0:00:30]} h5 {[%emt 0:00:26]} 52. Ke5 {[%emt 0:08:24]} e2 {[%emt 0:01:42]} 53. Kd4 {[%emt 0:06:04]} Kf5 {[%emt 0:03:32]} 54. Kd3 {[%emt 0:00:46]} g5 {[%emt 0:00:51]} 55. Kd4 {[%emt 0:01:42]} e1=Q {[%emt 0:02:20]} 56. Rxe1 {[%emt 0:00:40]} Kg4 57. Ke3 {[%emt 0:00:03]} Kxg3 {[%emt 0:00:14]} 58. Rg1+ {[%emt 0:00:13]} Kh4 {[%emt 0:00:08]} 59. Kf3 {[%emt 0:00:38]} 1-0

[Event "Sparkassen-Open A"]
[Site "Heusenstamm, Martinsee"]
[Date "2023.11.26"]
[Round "6.6"]
[White "Ngo, Quang Thai"]
[Black "Smith, Bryan"]
[Result "1/2-1/2"]
[WhiteElo "2080"]
[BlackElo "2396"]
[PlyCount "145"]
[EventDate "2023.??.??"]
[WhiteTeam "Aachener SV 1856 e. V."]
[BlackTeam "Budapest"]

1. e3 g6 2. d4 Bg7 3. e4 d6 4. Nc3 Nf6 5. Nf3 c5 {[%emt 0:03:30]} 6. dxc5 {[%emt 0:09:54]} Qa5 {[%emt 0:01:06]} 7. Bb5+ {[%emt 0:00:07]} Bd7 {[%emt 0:03:03]} 8. Bxd7+ {[%emt 0:00:09]} Nbxd7 {[%emt 0:01:51]} 9. cxd6 {[%emt 0:00:34]} Nxe4 {[%emt 0:01:34]} 10. O-O {[%emt 0:00:18]} Nxc3 {[%emt 0:10:07]} 11. bxc3 {[%emt 0:00:41]} e6 {[%emt 0:00:39]} 12. Rb1 {[%emt 0:03:10]} b6 {[%emt 0:03:52]} 13. Nd4 {[%emt 0:05:59]} Qxa2 {[%emt 0:13:37]} 14. Bg5 {[%emt 0:08:51]} O-O {[%emt 0:01:36]} 15. Be7 {[%emt 0:01:33]} Rfc8 {[%emt 0:06:16]} 16. Nb5 {[%emt 0:01:13]} Qc4 {[%emt 0:04:24]} 17. Rb4 {[%emt 0:05:27]} Qc6 {[%emt 0:02:24]} 18. Qe2 {[%emt 0:01:56]} a5 {[%emt 0:07:05]} 19. Ra4 {[%emt 0:07:53]} Nc5 {[%emt 0:04:15]} 20. Ra3 {[%emt 0:01:02]} a4 {[%emt 0:01:25]} 21. Rb1 {[%emt 0:08:10]} Bf8 {[%emt 0:10:02]} 22. Bxf8 {[%emt 0:06:14]} Rxf8 {[%emt 0:00:09]} 23. Qe5 {[%emt 0:03:09]} Qe4 {[%emt 0:04:51]} 24. Qxe4 {[%emt 0:10:57]} Nxe4 {[%emt 0:00:03]} 25. Rb4 {[%emt 0:00:04]} Nc5 {[%emt 0:01:15]} 26. f4 {[%emt 0:00:35]} Rfd8 {[%emt 0:02:31]} 27. Kf2 {[%emt 0:03:47]} Ra5 {[%emt 0:01:36]} 28. Ra1 {[%emt 0:04:20]} f6 {[%emt 0:01:45]} 29. Na3 {[%emt 0:05:44]} Ra6 {[%emt 0:01:53]} 30. Rd1 {[%emt 0:01:26]} Kf7 {[%emt 0:01:26]} 31. Ke3 {[%emt 0:00:26]} Ke8 {[%emt 0:02:00]} 32. Nb5 {[%emt 0:01:29]} Kd7 {[%emt 0:01:04]} 33. Nc7 {[%emt 0:00:03]} Ra5 {[%emt 0:00:04]} 34. Rxb6 {[%emt 0:00:11]} a3 {[%emt 0:00:45]} 35. Rb5 {[%emt 0:00:48]} Rxb5 {[%emt 0:00:36]} 36. Nxb5 {[%emt 0:00:38]} Ra8 {[%emt 0:00:38]} 37. Ra1 {[%emt 0:02:40]} a2 {[%emt 0:00:26]} 38. c4 {[%emt 0:00:41]} Ra4 {[%emt 0:01:30]} 39. Kd4 {[%emt 0:00:35]} Kc6 {[%emt 0:00:16]} 40. Nc3 {[%emt 0:00:39]} Ra3 {[%emt 0:02:30]} 41. Rxa2 {[%emt 0:04:04]} e5+ {[%emt 0:00:47]} 42. fxe5 fxe5+ {[%emt 0:00:04]} 43. Kxe5 {[%emt 0:00:11]} Rxc3 {[%emt 0:00:11]} 44. Kd4 {[%emt 0:00:10]} Na4 {[%emt 0:04:25]} 45. Rxa4 {[%emt 0:00:18]} Rxc2 {[%emt 0:00:03]} 46. Ra6+ {[%emt 0:00:26]} Kb7 {[%emt 0:00:57]} 47. Ra5 {[%emt 0:02:40]} Rxg2 {[%emt 0:01:45]} 48. Rd5 {[%emt 0:00:53]} Kc6 {[%emt 0:00:46]} 49. Kc3 {[%emt 0:11:01]} Kd7 {[%emt 0:03:36]} 50. c5 {[%emt 0:01:13]} Rxh2 {[%emt 0:01:05]} 51. Rd3 {[%emt 0:01:25]} Ra2 {[%emt 0:02:19]} 52. Kc4 {[%emt 0:06:25]} Rc2+ {[%emt 0:02:21]} 53. Kd5 {[%emt 0:02:32]} Rc1 {[%emt 0:04:11]} 54. Rb3 {[%emt 0:03:36]} Rd1+ {[%emt 0:00:27]} 55. Kc4 {[%emt 0:00:11]} Rc1+ {[%emt 0:00:36]} 56. Kd5 {[%emt 0:00:24]} Rd1+ {[%emt 0:00:35]} 57. Kc4 Rc1+ {[%emt 0:00:04]} 58. Kb5 {[%emt 0:00:53]} h5 {[%emt 0:05:02]} 59. Rg3 {[%emt 0:00:41]} Rb1+ {[%emt 0:00:21]} 60. Kc4 {[%emt 0:00:21]} Rc1+ {[%emt 0:01:01]} 61. Kb5 Rb1+ 62. Kc4 {[%emt 0:00:07]} Rc1+ {[%emt 0:00:08]} 63. Kd5 {[%emt 0:00:17]} Rd1+ {[%emt 0:00:10]} 64. Ke5 {[%emt 0:00:17]} Rc1 {[%emt 0:00:31]} 65. Kd5 {[%emt 0:00:28]} Rd1+ {[%emt 0:00:03]} 66. Ke4 {[%emt 0:00:14]} Re1+ {[%emt 0:01:38]} 67. Kd3 {[%emt 0:02:06]} Rd1+ {[%emt 0:01:15]} 68. Kc3 {[%emt 0:02:06]} Rc1+ {[%emt 0:00:13]} 69. Kb4 {[%emt 0:00:18]} Rb1+ {[%emt 0:00:19]} 70. Ka3 {[%emt 0:00:20]} Kc6 {[%emt 0:03:58]} 71. Rxg6 {[%emt 0:02:33]} Kxc5 {[%emt 0:00:07]} 72. Rg5+ {[%emt 0:00:33]} Kxd6 {[%emt 0:00:06]} 73. Rxh5 {[%emt 0:00:07]} 1/2-1/2

[Event "Sparkassen-Open A"]
[Site "Heusenstamm, Martinsee"]
[Date "2023.11.26"]
[Round "6.7"]
[White "Nothnagel, Marian Can"]
[Black "Steadman, Michael V R"]
[Result "1-0"]
[WhiteElo "2394"]
[BlackElo "2127"]
[PlyCount "55"]
[EventDate "2023.??.??"]
[WhiteTeam "Schachforum Darmstadt 1994"]
[BlackTeam "Auckland Chess Centre"]

1. e4 e6 2. d3 {[%emt 0:00:03]} d5 3. Nd2 Nf6 4. g3 Bc5 5. Bg2 dxe4 6. dxe4 {[%emt 0:00:03]} e5 7. Ngf3 Nc6 8. O-O O-O 9. c3 a5 {[%emt 0:00:12]} 10. Qc2 b6 11. Nb3 Bd6 12. a4 Ba6 13. Rd1 Qc8 14. Nh4 Rd8 {[%emt 0:24:18]} 15. Nf5 {[%emt 0:11:41]} Bf8 {[%emt 0:01:04]} 16. Bg5 {[%emt 0:11:24]} Rxd1+ {[%emt 0:04:51]} 17. Rxd1 {[%emt 0:00:10]} Ne8 {[%emt 0:00:07]} 18. Bh3 {[%emt 0:17:07]} Kh8 {[%emt 0:06:49]} 19. Kg2 {[%emt 0:00:33]} Qb7 {[%emt 0:01:07]} 20. Rd7 {[%emt 0:05:09]} f6 {[%emt 0:05:00]} 21. Bc1 {[%emt 0:11:30]} Nb8 {[%emt 0:10:28]} 22. Rf7 {[%emt 0:00:47]} Kg8 {[%emt 0:02:08]} 23. Nd2 {[%emt 0:03:40]} Nd6 {[%emt 0:06:44]} 24. Nxd6 {[%emt 0:00:12]} Bxd6 25. Be6 {[%emt 0:01:33]} Kh8 {[%emt 0:00:34]} 26. Qd1 {[%emt 0:00:14]} Nc6 {[%emt 0:02:19]} 27. Qh5 {[%emt 0:03:10]} Ne7 {[%emt 0:03:18]} 28. Rxg7 1-0

[Event "Sparkassen-Open A"]
[Site "Heusenstamm, Martinsee"]
[Date "2023.11.26"]
[Round "6.8"]
[White "Iolis, Oleg"]
[Black "Krause, Jonah"]
[Result "1/2-1/2"]
[WhiteElo "2183"]
[BlackElo "2366"]
[PlyCount "86"]
[EventDate "2023.??.??"]
[WhiteTeam "Wavre"]
[BlackTeam "FC ST.Pauli 1910 eV SAbt"]

1. e4 c5 2. Nf3 {[%emt 0:00:55]} e6 3. d4 cxd4 4. Nxd4 Nc6 5. Nc3 Qc7 6. g3 a6 7. Bg2 Nf6 8. O-O Nxd4 9. Qxd4 Bc5 10. Bf4 d6 11. Qd2 h6 12. Rad1 e5 13. Be3 Bxe3 14. fxe3 Be6 15. Qxd6 Rc8 16. Rf2 Qxd6 17. Rxd6 Rxc3 18. bxc3 Nd7 19. a4 {[%emt 0:19:16]} Ke7 {[%emt 0:02:33]} 20. Rd1 {[%emt 0:00:36]} Rc8 {[%emt 0:01:07]} 21. Rb1 {[%emt 0:04:03]} Rc7 {[%emt 0:03:50]} 22. a5 {[%emt 0:04:50]} Nb8 {[%emt 0:07:19]} 23. Bf1 {[%emt 0:06:24]} Nc6 {[%emt 0:03:20]} 24. Ra1 {[%emt 0:00:13]} Nd8 {[%emt 0:01:34]} 25. c4 {[%emt 0:02:28]} Rc5 {[%emt 0:01:21]} 26. c3 {[%emt 0:00:14]} Nc6 {[%emt 0:02:36]} 27. Rfa2 {[%emt 0:00:14]} Kd8 {[%emt 0:01:13]} 28. Kf2 {[%emt 0:00:34]} Nb8 {[%emt 0:02:17]} 29. Rb2 {[%emt 0:12:13]} Kc8 {[%emt 0:04:44]} 30. Rab1 {[%emt 0:04:41]} Rc7 31. Be2 {[%emt 0:12:19]} Nd7 {[%emt 0:00:42]} 32. Rb4 {[%emt 0:10:41]} Nc5 {[%emt 0:00:46]} 33. Kg1 {[%emt 0:01:46]} g6 {[%emt 0:04:55]} 34. h4 {[%emt 0:01:25]} h5 {[%emt 0:00:03]} 35. Bf1 {[%emt 0:00:43]} Rd7 {[%emt 0:05:15]} 36. R4b2 {[%emt 0:00:48]} Rc7 {[%emt 0:20:56]} 37. Kh2 {[%emt 0:01:58]} Kd8 {[%emt 0:11:33]} 38. Rb4 {[%emt 0:03:36]} Rd7 {[%emt 0:08:49]} 39. R4b2 Rd6 {[%emt 0:03:18]} 40. Be2 {[%emt 0:02:04]} Kc7 {[%emt 0:04:02]} 41. Rd1 {[%emt 0:06:23]} Rc6 {[%emt 0:01:25]} 42. Rdb1 {[%emt 0:01:38]} Rd6 {[%emt 0:00:06]} 43. Rd1 {[%emt 0:00:23]} Rc6 1/2-1/2

[Event "Sparkassen-Open A"]
[Site "Heusenstamm, Martinsee"]
[Date "2023.11.26"]
[Round "6.9"]
[White "Hahn, Markus"]
[Black "Poysti, Nathanael"]
[Result "1/2-1/2"]
[WhiteElo "2332"]
[BlackElo "2142"]
[PlyCount "59"]
[EventDate "2023.??.??"]
[WhiteTeam "SVG CAISSA Kassel"]

1. d4 Nf6 {[%emt 0:00:03]} 2. c4 e6 3. g3 Bb4+ 4. Nd2 c5 5. a3 Bxd2+ {[%emt 0:00:03]} 6. Qxd2 cxd4 7. Nf3 b6 8. b4 Bb7 9. Qxd4 Nc6 {[%emt 0:00:05]} 10. Qf4 a5 {[%emt 0:06:51]} 11. b5 {[%emt 0:00:44]} Ne7 {[%emt 0:00:35]} 12. Bb2 {[%emt 0:02:05]} Ng6 {[%emt 0:17:47]} 13. Qd4 {[%emt 0:00:29]} d6 {[%emt 0:04:46]} 14. Rd1 {[%emt 0:15:38]} Ke7 15. Bg2 {[%emt 0:10:29]} Qc7 {[%emt 0:01:39]} 16. a4 {[%emt 0:04:39]} e5 {[%emt 0:23:26]} 17. Qe3 {[%emt 0:05:56]} Rhd8 {[%emt 0:00:07]} 18. O-O {[%emt 0:13:04]} Kf8 19. h4 {[%emt 0:07:47]} h6 {[%emt 0:02:13]} 20. Ba3 {[%emt 0:12:38]} Kg8 21. Rc1 {[%emt 0:01:26]} Nf8 {[%emt 0:03:10]} 22. Rfd1 Ne6 {[%emt 0:02:58]} 23. Bh3 {[%emt 0:06:17]} Ne4 {[%emt 0:00:43]} 24. Bf5 {[%emt 0:04:17]} N4c5 {[%emt 0:01:11]} 25. Bc2 {[%emt 0:02:52]} Re8 {[%emt 0:01:09]} 26. h5 {[%emt 0:02:07]} Rad8 27. Bb2 {[%emt 0:02:29]} Qe7 {[%emt 0:01:07]} 28. Nh4 {[%emt 0:02:13]} Ng5 {[%emt 0:07:42]} 29. Nf5 {[%emt 0:01:36]} Qe6 {[%emt 0:00:23]} 30. g4 {[%emt 0:17:15]} 1/2-1/2

[Event "Sparkassen-Open A"]
[Site "Heusenstamm, Martinsee"]
[Date "2023.11.26"]
[Round "6.10"]
[White "Klaska, Philipp Leon"]
[Black "Glöckler, Christian"]
[Result "0-1"]
[WhiteElo "2111"]
[BlackElo "2332"]
[PlyCount "78"]
[EventDate "2023.??.??"]
[WhiteTeam "Düsseldorfer SK 14/25 e."]
[BlackTeam "Wiesbadener SV 1885"]

1. e4 c5 2. Nf3 {[%emt 0:00:01]} d6 3. d4 cxd4 4. Nxd4 Nf6 5. Nc3 a6 6. h3 {[%emt 0:00:04]} g6 7. g4 b6 8. Bg2 Bb7 {[%emt 0:00:18]} 9. O-O {[%emt 0:01:13]} Nfd7 {[%emt 0:11:14]} 10. Be3 {[%emt 0:08:34]} Bg7 {[%emt 0:05:56]} 11. Qe2 {[%emt 0:10:10]} Nc6 {[%emt 0:13:19]} 12. Nb3 {[%emt 0:07:51]} O-O {[%emt 0:06:40]} 13. Rad1 {[%emt 0:01:06]} b5 {[%emt 0:07:49]} 14. f4 {[%emt 0:04:58]} b4 {[%emt 0:01:40]} 15. Na4 {[%emt 0:07:16]} g5 {[%emt 0:13:14]} 16. e5 {[%emt 0:21:36]} gxf4 {[%emt 0:05:05]} 17. Nac5 {[%emt 0:07:01]} Nxc5 {[%emt 0:03:39]} 18. Nxc5 {[%emt 0:00:24]} fxe3 {[%emt 0:00:49]} 19. Nxb7 {[%emt 0:06:08]} Qc7 {[%emt 0:11:09]} 20. exd6 {[%emt 0:00:26]} Qxb7 {[%emt 0:00:04]} 21. dxe7 {[%emt 0:00:04]} Rfe8 {[%emt 0:01:01]} 22. Rd6 {[%emt 0:00:45]} Rac8 {[%emt 0:00:43]} 23. Bxc6 {[%emt 0:02:59]} Rxc6 {[%emt 0:05:16]} 24. Qf3 {[%emt 0:00:03]} Qxe7 25. Rxc6 {[%emt 0:00:56]} e2 {[%emt 0:01:14]} 26. Re1 {[%emt 0:00:11]} Bxb2 {[%emt 0:00:54]} 27. Kg2 {[%emt 0:01:10]} Bc3 {[%emt 0:01:26]} 28. Rxc3 {[%emt 0:00:08]} bxc3 {[%emt 0:00:08]} 29. Qxc3 {[%emt 0:01:34]} Qe4+ {[%emt 0:01:21]} 30. Kf2 {[%emt 0:01:28]} Qf4+ {[%emt 0:00:28]} 31. Qf3 {[%emt 0:00:28]} Qd4+ {[%emt 0:00:05]} 32. Kg2 {[%emt 0:01:00]} Re3 {[%emt 0:00:07]} 33. Qf5 {[%emt 0:01:05]} h6 {[%emt 0:00:36]} 34. Qf2 {[%emt 0:03:02]} Qe4+ {[%emt 0:01:09]} 35. Kh2 Rf3 36. Qh4 {[%emt 0:03:04]} Rf1 {[%emt 0:01:00]} 37. Qd8+ {[%emt 0:02:01]} Kg7 {[%emt 0:00:43]} 38. Qd2 {[%emt 0:00:16]} Qh1+ {[%emt 0:00:11]} 39. Kg3 Rf3+ {[%emt 0:00:08]} 0-1

[Event "Sparkassen-Open A"]
[Site "Heusenstamm, Martinsee"]
[Date "2023.11.26"]
[Round "6.11"]
[White "Dolzhykova, Kateryna"]
[Black "Erdmann, Stefan"]
[Result "0-1"]
[WhiteElo "2323"]
[BlackElo "2062"]
[PlyCount "60"]
[EventDate "2023.??.??"]
[WhiteTeam "SV Oberursel"]
[BlackTeam "SK Bad Homburg 1927"]

1. e4 c5 2. Nc3 {[%emt 0:00:04]} Nc6 3. Bb5 Nd4 4. Nf3 e6 5. O-O a6 6. Bd3 {[%emt 0:00:08]} Nc6 7. Nd5 Bd6 {[%emt 0:00:53]} 8. Ne3 {[%emt 0:00:45]} Bc7 {[%emt 0:04:30]} 9. Re1 {[%emt 0:06:18]} Nge7 {[%emt 0:00:45]} 10. b3 {[%emt 0:00:28]} O-O {[%emt 0:01:55]} 11. Bb2 {[%emt 0:01:03]} f6 {[%emt 0:01:30]} 12. h4 {[%emt 0:10:40]} Qe8 {[%emt 0:01:17]} 13. c3 {[%emt 0:01:25]} Ne5 {[%emt 0:01:39]} 14. Bc2 {[%emt 0:01:15]} Qh5 {[%emt 0:03:38]} 15. Nxe5 {[%emt 0:00:40]} Qxd1 {[%emt 0:00:43]} 16. Raxd1 {[%emt 0:00:10]} fxe5 17. d4 {[%emt 0:00:28]} cxd4 {[%emt 0:12:09]} 18. cxd4 {[%emt 0:00:15]} exd4 {[%emt 0:00:09]} 19. Bxd4 Ng6 {[%emt 0:00:28]} 20. h5 {[%emt 0:01:37]} Nf4 {[%emt 0:01:31]} 21. h6 {[%emt 0:01:14]} e5 {[%emt 0:05:17]} 22. hxg7 {[%emt 0:05:03]} Rf6 {[%emt 0:03:19]} 23. Bb2 {[%emt 0:08:26]} d6 {[%emt 0:01:26]} 24. g3 {[%emt 0:00:23]} Nh3+ {[%emt 0:02:54]} 25. Kg2 {[%emt 0:00:12]} Rxf2+ {[%emt 0:00:32]} 26. Kh1 Bb6 {[%emt 0:04:34]} 27. Rc1 {[%emt 0:12:42]} Bxe3 {[%emt 0:01:05]} 28. Rxe3 {[%emt 0:00:19]} Bg4 {[%emt 0:00:35]} 29. Rc3 {[%emt 0:04:44]} Kxg7 {[%emt 0:01:17]} 30. Ba3 {[%emt 0:02:36]} Rc8 {[%emt 0:02:17]} 0-1

[Event "Sparkassen-Open A"]
[Site "Heusenstamm, Martinsee"]
[Date "2023.11.26"]
[Round "6.13"]
[White "Rempe, Jonas"]
[Black "Browning, Alex"]
[Result "0-1"]
[WhiteElo "2106"]
[BlackElo "2340"]
[PlyCount "140"]
[EventDate "2023.??.??"]
[WhiteTeam "SK Doppelbauer Kiel von 1910 e.V"]
[BlackTeam "Märkischer Springer Halver-Schal"]

1. e4 c5 2. Nf3 d6 3. d4 cxd4 4. Nxd4 Nf6 5. Nc3 a6 6. Bg5 e6 7. f4 h6 8. Bh4 Qb6 9. a3 Be7 10. Bf2 Qc7 11. Qf3 Nc6 12. O-O-O Bd7 13. Kb1 {[%emt 0:09:04]} Rc8 {[%emt 0:01:02]} 14. Nb3 {[%emt 0:15:00]} b5 {[%emt 0:23:18]} 15. g4 {[%emt 0:04:45]} g5 {[%emt 0:03:57]} 16. h4 {[%emt 0:01:50]} gxf4 {[%emt 0:00:22]} 17. Be2 h5 {[%emt 0:08:16]} 18. g5 {[%emt 0:03:44]} Ng4 19. Qxf4 Nxf2 {[%emt 0:01:21]} 20. Qxf2 Ne5 21. Rhf1 Rh7 22. Qg2 Qb6 23. Nc1 a5 24. Qg1 Qxg1 {[%emt 1:07:10]} 25. Rxg1 Rb8 {[%emt 0:02:03]} 26. Nd3 {[%emt 0:03:14]} Ng6 {[%emt 0:00:50]} 27. Rh1 {[%emt 0:01:32]} Bc6 {[%emt 0:06:33]} 28. Bf3 {[%emt 0:00:34]} b4 {[%emt 0:00:48]} 29. axb4 {[%emt 0:00:48]} axb4 30. Ne2 b3 {[%emt 0:06:24]} 31. c3 {[%emt 0:02:26]} Ne5 {[%emt 0:02:16]} 32. Nxe5 {[%emt 0:02:09]} dxe5 {[%emt 0:00:04]} 33. Nc1 {[%emt 0:06:43]} Kf8 {[%emt 0:01:57]} 34. Rhe1 {[%emt 0:02:04]} Kg7 {[%emt 0:01:29]} 35. Nd3 {[%emt 0:01:24]} Rb5 {[%emt 0:00:48]} 36. c4 {[%emt 0:00:54]} Ra5 {[%emt 0:00:10]} 37. Nc1 {[%emt 0:01:41]} Rh8 {[%emt 0:00:15]} 38. Nxb3 {[%emt 0:00:18]} Ra4 {[%emt 0:00:14]} 39. Re3 {[%emt 0:01:56]} Rb8 {[%emt 0:04:44]} 40. Rc3 {[%emt 0:03:00]} Rab4 {[%emt 0:00:40]} 41. Rdd3 {[%emt 0:02:24]} Ba4 {[%emt 0:06:57]} 42. Ka2 {[%emt 0:06:06]} Rc8 {[%emt 0:03:48]} 43. Nd2 {[%emt 0:03:32]} Bc5 {[%emt 0:00:38]} 44. b3 {[%emt 0:00:33]} Bc6 45. Rc1 {[%emt 0:01:45]} Bd4 46. Kb1 {[%emt 0:07:16]} Rb7 47. Kc2 {[%emt 0:01:47]} Ra7 48. Kd1 {[%emt 0:01:46]} Bc5 49. Ke2 {[%emt 0:02:47]} Ra2 50. Rf1 {[%emt 0:01:50]} Kg6 51. Bg2 {[%emt 0:02:10]} Be7 52. Rf2 Rca8 53. Kf3 Rb2 {[%emt 0:10:53]} 54. Rf1 {[%emt 0:03:32]} Raa2 {[%emt 0:01:46]} 55. Rd1 {[%emt 0:01:15]} Bb4 {[%emt 0:01:13]} 56. Ke3 {[%emt 0:00:35]} Rc2 57. Bf3 Rab2 {[%emt 0:02:53]} 58. Ke2 {[%emt 0:00:36]} Bc3 {[%emt 0:01:24]} 59. Ke3 {[%emt 0:02:18]} Bd4+ {[%emt 0:00:06]} 60. Ke2 {[%emt 0:00:04]} Bb7 {[%emt 0:00:36]} 61. Ke1 {[%emt 0:00:13]} Ba6 {[%emt 0:01:04]} 62. Ke2 {[%emt 0:00:58]} Bc3 {[%emt 0:01:23]} 63. Ke3 {[%emt 0:00:20]} Bb7 {[%emt 0:03:39]} 64. Ke2 {[%emt 0:00:32]} Rxb3 65. Ke3 Rbb2 {[%emt 0:00:41]} 66. Ke2 {[%emt 0:01:50]} Ba6 {[%emt 0:00:06]} 67. Rd8 {[%emt 0:02:54]} Bxc4+ {[%emt 0:00:48]} 68. Ke1 {[%emt 0:00:36]} Ba5 {[%emt 0:00:52]} 69. Rd7 {[%emt 0:00:34]} Bb5 {[%emt 0:00:09]} 70. Rb7 {[%emt 0:00:31]} Rxd2 {[%emt 0:00:24]} 0-1